00792nam a2200205 a 450000100100000000500170001000800410002704000250006808200150009310000330010824501310014126000450027230000370031749000370035450000380039150400410042970000460047071000330051683000370054900002140720250409122710.0100907s1985 dr ac 000 0 spa d aDO-SdBNPbspacBNPHU axxxbG643l1 aGonzález, María Filomena10aLínea nordeste :btestimonio del patriotismo olvidado /cMaría Filomena González ; presentación Emilio Cordero Michel. aSan Pedro de Macosís :bTaller,c1985. a143 p. :bil. ; retrs. ;c23 cm.1 aUniversidad Central del Estev60 aIncluye notas al pie de páginas aIncluye bibliografías [p. 141-143]1 aCordero Michel, Emilio,d1929-2018epres.1 aUniversidad Central del Este 0aUniversidad Central del Esten60